000 00803nam a2200229 i 4500
001 114977
003 ES-MaACL
005 20230906190310.0
007 t|
008 070214s1928 sp ||||1| spa d
100 1 _aGonzález del Toro, Ricardo.
_958588
245 1 3 _aLa Marchenera
_b: zarzuela en tres actos, en prosa /
_cRicardo González del Toro y Fernando Luque ; música del Maestro Moreno Torroba.
260 _aMadrid :
_bRivadeneyra,
_c1928.
300 _a73 p. :
_bil. ;
_c17 cm.
490 1 _aLa Farsa ;
_v33
500 _aEstrenada en el Teatro de la Zarzuela, de Madrid, el día 7 de abril de 1928.
700 1 _aLuque, Fernando.
_974813
700 1 _aMoreno Torroba, Federico.
_983439
830 0 _aLa Farsa ;
_v33
_9185863
852 _aES-MaACL
_jC-13183
999 _c114977
_d114977